000
00260nam a2200109 a 4500
005
20140513081051.0
008
020606s19uu xx 00 eng d
050
_a
P 646.7
_b
GRO
245
_a
Grooming for school/.
650
_a
Grooming--Poster
999
_c
116313
_d
116313